Normal view
MARC view
- Er. Prince M.V (Guide)
Entry Personal Name
001 - CONTROL NUMBER
- control field: 2280
003 - CONTROL NUMBER IDENTIFIER
- control field: OSt
005 - DATE AND TIME OF LATEST TRANSACTION
- control field: 20171218163829.0
008 - FIXED-LENGTH DATA ELEMENTS
- fixed length control field: 171218|| aca||aabn | a|a d
040 ## - CATALOGING SOURCE
- Original cataloging agency: OSt
- Transcribing agency: OSt
100 ## - HEADING--PERSONAL NAME
- Personal name: Er. Prince M.V (Guide)
670 ## - SOURCE DATA FOUND
- Source citation: Work cat.: (OSt): CHIKKANNA G.S 2279, Development and evaluation of a convective type dryer for nutmeg mace(Myristica fragrans houtt)
